<?xml version="1.0" encoding="UTF-8"?>
<record
    xmlns:xsi="http://www.w3.org/2001/XMLSchema-instance"
    xsi:schemaLocation="http://www.loc.gov/MARC21/slim http://www.loc.gov/standards/marcxml/schema/MARC21slim.xsd"
    xmlns="http://www.loc.gov/MARC21/slim">

  <leader>01096cam a2200289 a 4500</leader>
  <controlfield tag="001">78343</controlfield>
  <controlfield tag="003">BD-RjUL</controlfield>
  <controlfield tag="005">20211209083123.0</controlfield>
  <controlfield tag="008">210913s1983    le       b    001 0 ara d</controlfield>
  <datafield tag="035" ind1=" " ind2=" ">
    <subfield code="a">(BD-RjUL)78569</subfield>
  </datafield>
  <datafield tag="040" ind1=" " ind2=" ">
    <subfield code="a">IXA</subfield>
    <subfield code="c">IXA</subfield>
    <subfield code="d">OSU</subfield>
    <subfield code="d">CUY</subfield>
    <subfield code="b">eng</subfield>
  </datafield>
  <datafield tag="041" ind1=" " ind2=" ">
    <subfield code="a">ara</subfield>
  </datafield>
  <datafield tag="082" ind1=" " ind2=" ">
    <subfield code="2">23</subfield>
    <subfield code="a">892.71</subfield>
    <subfield code="b">MAD 1983</subfield>
  </datafield>
  <datafield tag="100" ind1="1" ind2=" ">
    <subfield code="a">&#x645;&#x639;&#x631;&#x648;&#x641; &#x60C; &#x627;&#x644;&#x631;&#x635;&#x627;&#x641;&#x64A; ;;  Maarouf, Al-Rusafi </subfield>
    <subfield code="d">(1877-1945</subfield>
    <subfield code="9">247697</subfield>
  </datafield>
  <datafield tag="245" ind1="1" ind2="0">
    <subfield code="a">&#x62F;&#x64A;&#x648;&#x627;&#x646; &#x627;&#x644;&#x631;&#x635;&#x627;&#x641;&#x64A; ;;  D&#x12B;w&#x101;n al-Ru&#x1E63;&#x101;f&#x12B; al-Balans&#x12B; /</subfield>
    <subfield code="c">&#x645;&#x639;&#x631;&#x648;&#x641; &#x627;&#x644;&#x631;&#x635;&#x627;&#x641;&#x64A; ;;  Maarouf Al-Rasafi </subfield>
  </datafield>
  <datafield tag="250" ind1=" " ind2=" ">
    <subfield code="a">al-&#x1E6C;ab&#x2BF;ah 2., maz&#x12B;dah wa-munaqqa&#x1E25;ah.</subfield>
  </datafield>
  <datafield tag="260" ind1=" " ind2=" ">
    <subfield code="a">&#x627;&#x644;&#x642;&#x627;&#x647;&#x631;&#x629; :Bayr&#x16B;t ;</subfield>
    <subfield code="a">al-Q&#x101;hirah :</subfield>
    <subfield code="b"> &#x627;&#x644;&#x645;&#x643;&#x62A;&#x628;&#x629; &#x627;&#x644;&#x62A;&#x62C;&#x627;&#x631;&#x64A;&#x629; &#x627;&#x644;&#x643;&#x628;&#x631;&#x649;&#x60C;,</subfield>
    <subfield code="c">1983.</subfield>
  </datafield>
  <datafield tag="300" ind1=" " ind2=" ">
    <subfield code="a">v. ;      ]575 p.]</subfield>
    <subfield code="c">25 cm.</subfield>
  </datafield>
  <datafield tag="490" ind1="1" ind2=" ">
    <subfield code="a">D&#x12B;w&#x101;n al-shu&#x2BF;ar&#x101;&#x2BC; al-&#x2BF;Arab ;</subfield>
    <subfield code="v">3</subfield>
  </datafield>
  <datafield tag="500" ind1=" " ind2=" ">
    <subfield code="a">Glossary in footnotes.</subfield>
  </datafield>
  <datafield tag="504" ind1=" " ind2=" ">
    <subfield code="a">Includes bibliographical references) and indexes.</subfield>
  </datafield>
  <datafield tag="650" ind1=" " ind2=" ">
    <subfield code="a">Arabic Poem</subfield>
    <subfield code="9">247700</subfield>
  </datafield>
  <datafield tag="700" ind1="1" ind2=" ">
    <subfield code="a">Al-mugarabi, Abdul Qadir</subfield>
    <subfield code="9">247703</subfield>
  </datafield>
  <datafield tag="830" ind1=" " ind2="0">
    <subfield code="a">D&#x12B;w&#x101;n al-shu&#x2BF;ar&#x101;&#x2BC; al-&#x2BF;Arab ;</subfield>
    <subfield code="v">3.</subfield>
    <subfield code="9">247699</subfield>
  </datafield>
  <datafield tag="942" ind1=" " ind2=" ">
    <subfield code="2">ddc</subfield>
    <subfield code="c">BK</subfield>
  </datafield>
  <datafield tag="999" ind1=" " ind2=" ">
    <subfield code="c">78343</subfield>
    <subfield code="d">78343</subfield>
  </datafield>
  <datafield tag="952" ind1=" " ind2=" ">
    <subfield code="0">0</subfield>
    <subfield code="1">0</subfield>
    <subfield code="2">ddc</subfield>
    <subfield code="4">0</subfield>
    <subfield code="7">1</subfield>
    <subfield code="8">NFIC</subfield>
    <subfield code="a">RUCL</subfield>
    <subfield code="b">RUCL</subfield>
    <subfield code="c">Reading</subfield>
    <subfield code="d">2021-09-12</subfield>
    <subfield code="l">0</subfield>
    <subfield code="o">892.71 RUD V-1 1958</subfield>
    <subfield code="r">2023-08-24 00:00:00</subfield>
    <subfield code="w">2021-12-09</subfield>
    <subfield code="y">BK</subfield>
  </datafield>
</record>
